Lewis and Clark : (Record no. 6973)
[ view plain ]
| 000 -LEADER | |
|---|---|
| fixed length control field | 01818cam a2200385 a 4500 |
| 001 - CONTROL NUMBER | |
| control field | 6973 |
| 003 - CONTROL NUMBER IDENTIFIER | |
| control field | FISKH |
| 005 - DATE AND TIME OF LATEST TRANSACTION | |
| control field | 20250612113819.0 |
| 008 - FIXED-LENGTH DATA ELEMENTS--GENERAL INFORMATION | |
| fixed length control field | 050124s2005 nyuab j 001 0deng |
| 010 ## - LIBRARY OF CONGRESS CONTROL NUMBER | |
| LC control number | 2005001085 |
| 020 ## - INTERNATIONAL STANDARD BOOK NUMBER | |
| International Standard Book Number | 9780778724100 (rlb : alk. paper) |
| 020 ## - INTERNATIONAL STANDARD BOOK NUMBER | |
| International Standard Book Number | 0778724107 (rlb : alk. paper) |
| 020 ## - INTERNATIONAL STANDARD BOOK NUMBER | |
| International Standard Book Number | 9780778724469 (pb : alk. paper) |
| 020 ## - INTERNATIONAL STANDARD BOOK NUMBER | |
| International Standard Book Number | 0778724468 (pb : alk. paper) |
| 040 ## - CATALOGING SOURCE | |
| Original cataloging agency | DLC |
| Transcribing agency | DLC |
| Modifying agency | DLC |
| Language of cataloging | eng |
| 050 ## - LIBRARY OF CONGRESS CALL NUMBER | |
| Classification number | F592 .R625 |
| 082 ## - DEWEY DECIMAL CLASSIFICATION NUMBER | |
| Classification number | 917.804 |
| 100 1# - MAIN ENTRY--PERSONAL NAME | |
| Personal name | Rodger, Ellen. |
| 245 10 - TITLE STATEMENT | |
| Title | Lewis and Clark : |
| Remainder of title | opening the American West / |
| Statement of responsibility, etc. | Ellen Rodger. |
| 260 ## - PUBLICATION, DISTRIBUTION, ETC. | |
| Place of publication, distribution, etc. | New York : |
| Name of publisher, distributor, etc. | Crabtree, |
| Date of publication, distribution, etc. | 2005. |
| 300 ## - PHYSICAL DESCRIPTION | |
| Extent | 32 pages : |
| Other physical details | color illustration ; maps ; |
| Dimensions | 28 cm |
| 440 #0 - SERIES STATEMENT/ADDED ENTRY--TITLE | |
| Title | In the footsteps of explorers |
| 500 ## - GENERAL NOTE | |
| General note | Includes index. |
| 505 0# - FORMATTED CONTENTS NOTE | |
| Formatted contents note | A voyage of discovery -- The next frontier -- Lewis and Clark -- Getty ready -- Up the Missouri -- Over the mountains -- Sacagawea -- Life on the trail -- Homeward bound -- American Indians -- After the expedition -- The legacy. |
| 520 ## - SUMMARY, ETC. | |
| Summary, etc. | Presents a short children's history of explorers Lewis and Clark and describes their voyage across the American west from Missouri to the Pacific Ocean, encounters with the native tribes along the way, and the various plants and animals they saw. |
| 600 10 - SUBJECT ADDED ENTRY--PERSONAL NAME | |
| Personal name | Lewis, Meriwether, |
| Dates associated with a name | 1774-1809 |
| Form subdivision | Juvenile literature. |
| 600 10 - SUBJECT ADDED ENTRY--PERSONAL NAME | |
| Personal name | Clark, William, |
| Dates associated with a name | 1770-1838 |
| Form subdivision | Juvenile literature. |
| 611 20 - SUBJECT ADDED ENTRY--MEETING NAME | |
| Meeting name or jurisdiction name as entry element | Lewis and Clark Expedition |
| Date of meeting or treaty signing | (1804-1806) |
| Form subdivision | Juvenile literature. |
| 650 #0 - SUBJECT ADDED ENTRY--TOPICAL TERM | |
| Topical term or geographic name entry element | Explorers |
| Geographic subdivision | West (U.S.) |
| Form subdivision | Biography |
| -- | Juvenile literature. |
| 651 #0 - SUBJECT ADDED ENTRY--GEOGRAPHIC NAME | |
| Geographic name | West (U.S.) |
| General subdivision | Discovery and exploration |
| Form subdivision | Juvenile literature. |
| 651 #0 - SUBJECT ADDED ENTRY--GEOGRAPHIC NAME | |
| Geographic name | West (U.S.) |
| General subdivision | Description and travel |
| Form subdivision | Juvenile literature. |
| 906 ## - LOCAL DATA ELEMENT F, LDF (RLIN) | |
| a | 7 |
| b | cbc |
| c | orignew |
| d | 1 |
| e | ecip |
| f | 20 |
| g | y-gencatlg |
| 942 ## - ADDED ENTRY ELEMENTS (KOHA) | |
| Source of classification or shelving scheme | Dewey Decimal Classification |
| Koha item type | Books |
| Suppress in OPAC | No |
| Withdrawn status | Lost status | Source of classification or shelving scheme | Damaged status | Not for loan | Collection | Home library | Current library | Shelving location | Date acquired | Total Checkouts | Full call number | Barcode | Date last seen | Copy number | Price effective from | Koha item type |
|---|---|---|---|---|---|---|---|---|---|---|---|---|---|---|---|---|
| Dewey Decimal Classification | Non-Fiction | Footprints International School Library Network Toul Kork Campus | Footprints International School Library Network Toul Kork Campus | A TK Campus, 4th Floor, Room B401, Non-Fiction Bookcases(7-8) | 06/12/2025 | ROD 917.804 F592 .R625 | FISTK00997 | 06/12/2025 | 1 | 06/12/2025 | Books |
